00452nam a22001577a 450000500170000001000140001702000280003103500130005903700090007208200060008124500550008726000400014227000680018230000300025070000140028020241209170116.0 a B-761433 a9789388079299c340.00  aB-761433 bGift aS aRainbow Long Long Ago/ bEdited by- Anu and Aryan aDelhi bRainbow Books c2019(repr.) aF-32, Street No.12, Parwana Road, Jagat Puri, b Delhi e110051 a112p.c25cm(Hb)bcol.ill. aAakanksha